Представление документа в формате MARC21

ПолеНазваниеЗначение
  Тип записи a
  Библиографический уровень m
001 Контрольный номер RU\infra-m\znanium\bibl\2235068
005 Дата корректировки 20260429142133.1
008 Кодируемые данные 260120s2025 RU g rus u
020 Индекс ISBN __
a ISBN 978-5-9614-2180-4
040 Источник каталогиз. __
a Служба первич. каталог. Общество с ограниченной ответственностью «ЗНАНИУМ»
041 Код языка издания __
a Код языка текста rus
044 Код страны публикации __
a Код страны публикации RU
080 Индекс УДК __
a Индекс УДК 657
084 Индекс другой классификации/Индекс ББК __
2 Источник индекса rubbk
a Индекс другой классификации/Индекс ББК 6505
084 Индекс другой классификации/Индекс ББК __
2 Источник индекса okso
a Индекс другой классификации/Индекс ББК 38.03.02
100 Автор __
a Автор Мухин М.
q Полное имя Мухин Михаил
245 Заглавие __
a Заглавие Управление дебиторской задолженностью: Практическое руководство для разумных руководителей: в комиксах
b Продолж. заглавия Практическое пособие
250 Сведения об издании __
a Основные сведения об издании 1
260 Выходные данные __
a Место издания Москва
b Издательство ООО "Альпина Паблишер"
c Дата издания 2026
300 Физическое описание __
a Объем 240 с.
520 Аннотация __
a Аннотация Как должна работать финансовая служба компании чтобы с одной стороны широко применять отсрочки платежей а с другой — не терять на этом деньги? Михаил Мухин генеральный директор интернет-агентства «Р-Брокер» математик и специалист в области IT отвечает на данный вопрос основываясь на опыте собственной компании. Собранные и упорядоченные регламенты и правила связанные с отсрочками платежей объединены в данную книгу описывающую логику контроля и управления дебиторской задолженностью. Прочитав ее вы поймете что суть дела не так сложна как кажется — с потерями дебиторки можно справиться нужно только неукоснительно соблюдать простые правила поддержания порядка. Акцент сделан на особенностях взаимодействия всех руководителей компании — необходимом условии грамотной работы с дебиторской задолженностью. Это определило форму книги: как популярно рассказать коллегам о важных правилах и сделанных выводах? Конечно в форме комиксов!
521 Примеч. о цел. назн. __
a Примеч. о целев. назн. Дополнительное образование взрослых
650 Тематические рубрики __
a Основная рубрика Управление (менеджмент)
x Основная подрубрика Теория управления. Исследование систем управления
655 Указ. предметных рубрик (устаревшее) __
a Жанр/ форма (устаревшее) Практическое пособие
700 Другие авторы __
a Другие авторы Ошейко И.
700 Другие авторы __
a Другие авторы Мылова В.
700 Другие авторы __
a Другие авторы Леонтьева Т.
q Полное имя Леонтьева Татьяна
856 Электронный адрес документа 4_
a Имя сервера/домена znanium.ru
m Помощь ebs_support@infra-m.ru
n Местонахождение сервера НИЦ ИНФРА-М
u URL https://znanium.ru/catalog/document?id=473448
856 Электронный адрес документа 48
a Имя сервера/домена znanium.ru
d Путь /cover/2235
f Электронное имя 2235068.jpg
q Тип электронного формата image/jpeg
u URL https://znanium.ru/cover/2235/2235068.jpg
911 __
u 0030=https://znanium.ru/catalog/document?id=473448